|
|
|
|
| LEADER |
01490nam a2200385 a 4500 |
| 001 |
33761 |
| 003 |
BD-DhAAL |
| 005 |
20211116163407.0 |
| 008 |
180916t1992 ncua b s001 0 eng d |
| 999 |
|
|
|c 39549
|d 39549
|
| 010 |
|
|
|a 91025057
|
| 020 |
|
|
|a 0807820121 (cloth : alk. paper)
|
| 020 |
|
|
|a 0807843571 (paper : alk. paper)
|
| 020 |
|
|
|a 9780807843574
|
| 040 |
|
|
|a DLC
|c DLC
|d DLC
|d BD-DhAAL
|
| 050 |
0 |
0 |
|a HQ1150
|b .S68 1992
|
| 082 |
0 |
0 |
|a 305.3
|2 20
|
| 100 |
1 |
|
|a Spain, Daphne.
|9 28142
|
| 245 |
1 |
0 |
|a Gendered spaces /
|c Daphne Spain.
|
| 260 |
|
|
|a Chapel Hill :
|b University of North Carolina Press,
|c c1992.
|
| 300 |
|
|
|a xviii, 294 pages :
|b illustrations ;
|c 25 cm.
|
| 504 |
|
|
|a Includes bibliographical references (pages [269]-289) and index.
|
| 526 |
|
|
|a ARC
|
| 541 |
|
|
|a Trim Education
|e 33761
|
| 650 |
|
0 |
|a Sex discrimination against women
|x History.
|9 28143
|
| 650 |
|
0 |
|a Space (Architecture)
|x History.
|9 28144
|
| 650 |
|
0 |
|a Sex role
|x History.
|9 28145
|
| 650 |
|
0 |
|a Social status
|x History.
|9 28146
|
| 650 |
|
0 |
|a Women
|x Dwellings
|x History.
|9 28147
|
| 650 |
|
0 |
|a Sexual division of labor
|x History.
|9 28148
|
| 650 |
|
0 |
|a Sex role in the work environment
|x History.
|9 28149
|
| 650 |
|
0 |
|a Architecture
|9 42753
|
| 852 |
|
|
|a Ayesha Abed Library
|c General Stacks
|
| 942 |
|
|
|2 ddc
|c BK
|
| 952 |
|
|
|0 0
|1 0
|2 ddc
|4 0
|6 305_300000000000000_SPA
|7 0
|9 64334
|a BRACUL
|b BRACUL
|c GEN
|d 2018-09-09
|e Trim Education
|g 3825.00
|l 2
|m 5
|o 305.3 SPA
|p 3010033761
|r 2025-07-13
|s 2025-05-22
|t 1
|v 3825.00
|w 2018-09-09
|y BK
|